Performance of an experimental PC-based LAN for clustered traffic environments /
Saved in:
| Main Author: | |
|---|---|
| Format: | Thesis Book |
| Language: | English |
| Published: |
1989.
|
| Subjects: | |
| Tags: |
Add Tag
No Tags, Be the first to tag this record!
|
| LEADER | 00874cam a2200253 a 4500 | ||
|---|---|---|---|
| 001 | u93639 | ||
| 003 | SIRSI | ||
| 008 | 910607s1989 si a v 00 1 eng m | ||
| 035 | |a AAK-2273 | ||
| 040 | |a UMM | ||
| 090 | |a TK5105.7 |b Yap | ||
| 100 | 1 | 0 | |a Yap, Fa Toh. |
| 245 | 1 | 0 | |a Performance of an experimental PC-based LAN for clustered traffic environments / |c Yap Fa Toh. |
| 260 | |c 1989. | ||
| 300 | |a ix, 153 leaves : |b ill. ; |c 29 cm. | ||
| 500 | |a Photocopy. | ||
| 502 | |a Dissertation (M.Eng.) -- National University of Singapore, 1989. | ||
| 504 | |a Bibliography: leaves 100-101. | ||
| 650 | 0 | |a Local area networks (Computer networks) |x Case studies. | |
| 650 | 0 | |a Traffic engineering |x Data processing. | |
| 650 | 0 | |a Traffic flow |x Data processing. | |
| 948 | |a 13/08/1991 |b 27/08/2002 | ||
| 596 | |a 1 | ||
| 999 | |a TK5105.7 YAP |w LC |c 1 |i A010891646 |l STACKS |m P01UTAMA |r Y |s Y |t TESIS |u 19/2/1992 | ||
